header

Messages from home (Record no. 24379)

MARC details
000 -LEADER
fixed length control field 01690nam a2200409 a 4500
082 04 - DEWEY DECIMAL CLASSIFICATION NUMBER
Classification number 372.119/2
100 1# - MAIN ENTRY--AUTHOR NAME
Personal name Levenstein, Phyllis,
245 10 - TITLE STATEMENT
Title Messages from home
250 ## - EDITION STATEMENT
Edition statement Rev. and updated ed.
260 ## - PUBLICATION, DISTRIBUTION, ETC. (IMPRINT)
Place of publication Philadelphia PA :
Name of publisher Temple University Press,
Year of publication c2008.
300 ## - PHYSICAL DESCRIPTION
Number of Pages xxix, 258 p.
650 #0 - SUBJECT ADDED ENTRY--TOPICAL TERM
Topical Term Child development
Topical Term Learning ability.
Topical Term Education, Preschool
Topical Term Mother and child
Topical Term Academic achievement
700 1# - ADDED ENTRY--PERSONAL NAME
Personal name Levenstein, Susan.
856 40 - ELECTRONIC LOCATION AND ACCESS
Uniform Resource Identifier http://site.ebrary.com/lib/rucke/Doc?id=10267613

No items available.

© 2026 Rongo University
Contact us: librarian | system librarian | Rongo university